Contexts understanding people in their social worlds.
| Autor Corporativo: | |
|---|---|
| Formato: | Electrónico Revista |
| Lenguaje: | inglés |
| Publicado: |
Berkeley, CA :
University of California Press : Published for the American Sociological Association,
©2001-
Thousand Oaks, CA : SAGE Publications |
| Materias: | |
| Acceso en línea: | Full text available from Research Library: 04/01/2002 to 10/31/2008 Full text available from Research Library: 01/01/2009 to 08/31/2018 |
MARC
| LEADER | 00000nas a22000007a 4500 | ||
|---|---|---|---|
| 001 | ssj0015572 | ||
| 003 | WaSeSS | ||
| 005 | 20200512172242.0 | ||
| 006 | m d | ||
| 007 | cr n | ||
| 008 | 011031c20029999cauqr p s 0 a0eng c | ||
| 010 | |a 2001215305 | ||
| 015 | |a GBB3B5356 |2 bnb | ||
| 016 | 7 | |a 2121308-2 |2 DE-600 | |
| 016 | 7 | |a 016566045 |2 Uk | |
| 022 | |a 1537-6052 |l 1536-5042 |y 1536-5042 | ||
| 035 | |a (WaSeSS)ssj0015572 | ||
| 037 | |b SAGE Publications, 2455 Teller Road, Thousand Oaks, CA 91320 | ||
| 040 | |a NSD |b eng |e pn |c NSD |d OCLCQ |d NSD |d OCLCQ |d OCL |d OCLCQ |d OCLCS |d LVB |d LGG |d OCLCQ |d DLC |d OCLCQ |d EYM |d OCLCF |d OCLCO |d OCL |d OCLCQ |d OCLCA |d NLE |d KSU |d DLC |d NTG |d AU@ |d UKMGB |d CNTRU |d VT2 |d NJT |d WaSeSS | ||
| 042 | |a pcc | ||
| 043 | |a n-us--- | ||
| 050 | 1 | 4 | |a H62.A1 |b C664 |
| 082 | 1 | 0 | |a 300 |2 13 |
| 130 | 0 | |a Contexts (Berkeley, Calif. : Online) | |
| 210 | 0 | |a Contexts |b (Berkeley Calif., Online) | |
| 222 | 0 | |a Contexts |b (Berkeley, Calif. Online) | |
| 245 | 1 | 0 | |a Contexts |h [electronic resource] : |b understanding people in their social worlds. |
| 260 | |a Berkeley, CA : |b University of California Press : |b Published for the American Sociological Association, |c ©2001- | ||
| 260 | 3 | |3 <2018-> : |a Thousand Oaks, CA : |b SAGE Publications | |
| 310 | |a Quarterly | ||
| 362 | 0 | |a Vol. 1, no. 1 (spring 2002)- | |
| 500 | |a Title from PDF cover (JSTOR, viewed July 19, 2013). | ||
| 506 | |a License restrictions may limit access. | ||
| 538 | |a Mode of access: World Wide Web. | ||
| 588 | |a Latest issue consulted: Vol.17, no.3 (summer 2018) (journals.sagepub.com, viewed Aug. 30, 2018). | ||
| 650 | 0 | |a Social sciences |v Periodicals. | |
| 650 | 0 | |a Social sciences |z United States |v Periodicals. | |
| 650 | 6 | |a Sciences sociales |v Périodiques. | |
| 650 | 6 | |a Sciences sociales |z États-Unis |v Périodiques. | |
| 650 | 7 | |a Social conditions |2 fast |0 (OCoLC)fst01919811 | |
| 650 | 7 | |a Social sciences. |2 fast |0 (OCoLC)fst01122877 | |
| 651 | 0 | |a United States |x Social conditions |v Periodicals. | |
| 651 | 7 | |a United States. |2 fast |0 (OCoLC)fst01204155 | |
| 655 | 0 | |a Electronic journals. | |
| 710 | 2 | |a American Sociological Association. | |
| 776 | 0 | 8 | |i Print version: |t Contexts (Berkeley, Calif.) |x 1536-5042 |w (DLC) 2001215451 |w (OCoLC)47728624 |
| 856 | 4 | 0 | |z Full text available from Research Library: 04/01/2002 to 10/31/2008 |u https://search.proquest.com/publication/2042245 |
| 856 | 4 | 0 | |z Full text available from Research Library: 01/01/2009 to 08/31/2018 |u https://search.proquest.com/publication/43212 |